000 00511nam a22002057a 4500
003 OSt
005 20241024111242.0
008 241024b |||||||| |||| 00| 0 eng d
040 _cMRSPTU
041 _aENG
082 _a630
_bDH-F
100 _aDharni, Khushdeep
245 _aFarmers Producers Organizations and their importance in Agriculture
250 _a1st Ed.
260 _aLudhiana
_bPAU
_c2021
300 _a26
650 _aAgriculture
700 _aRiar, Tejinder Singh
942 _2ddc
_cBK
_n0
999 _c10362
_d10362